Statistics for Who sang that song? (60's, 70's and 80's) #69

Click here to take the quiz!

General Stats

  • This quiz has been taken 476 times
  • The average score is 20 of 34

Answer Stats

HintAnswer% Correct
Dont Go Breaking My HeartElton John and Kiki Dee
88%
I'm Still StandingElton John
87%
Material GirlMadonna
84%
Surfin' U.S.AThe Beach Boys
82%
Sweet Child O' MineGuns N' Roses
81%
Sweet CarolineNeil Diamond
80%
RoxanneThe Police
78%
9 to 5Dolly Parton
77%
Girls Just Want to Have FunCyndi Lauper
74%
Oh, Pretty WomanRoy Orbison
72%
Somebody To LoveQueen
70%
California Dreamin'The Mamas & The Papas
70%
My WayFrank Sinatra
69%
It's Not UnusualTom Jones
61%
Rebel RebelDavid Bowie
57%
DreamsFleetwood Mac
56%
We Built This CityStarship
56%
Sugar SugarThe Archies
56%
Sir DukeStevie Wonder
53%
December, 1963 (Oh, What A Night)Frankie Valli and The Four Seasons
52%
Rock With YouMichael Jackson
52%
In My LifeThe Beatles
52%
Hold The LineTOTO
52%
KissPrince
47%
Beast Of BurdenThe Rolling Stones
47%
Burning LoveElvis Presley
46%
It's Raining MenThe Weather Girls
44%
Rock You Like a HurricaneScorpions
41%
Boogie WonderlandEarth, Wind & Fire
40%
Kung Fu FightingCarl Douglas
34%
It's Too LateCarole King
32%
Build Me Up ButtercupThe Foundations
31%
Please Mr. PostmanCarpenters
29%
Break My StrideMatthew Wilder
24%

Score Distribution

Percentile by Number Answered

Percent of People with Each Score

Your Score History

You have not taken this quiz